Country Chain #2 - Statistics

General Stats
  • This quiz has been taken 58 times
  • The average score is 15 of 19
Answer Stats
Hint Answer % Correct
Mount Everest is situated in this country Nepal
100%
Great Pyramid of Giza Egypt
94%
Most populous country in Africa Nigeria
94%
Biblical Holy Land Israel
92%
Their indigenous people are the Maori New Zealand
92%
Hamlet Prince of ______ Denmark
91%
European micronation Liechtenstein
91%
Was invaded by the USSR in 1979 Afghanistan
87%
Land of clogs and tall people Netherlands
81%
South American country Suriname
81%
Sovereign state within Micronesia Kiribati
77%
Its capital is Taskent Uzbekistan
75%
One of the world's last communist states Laos
74%
Smallest former Soviet country Armenia
66%
Took part in a Velvet Revolution in 1989 Slovakia
58%
Had a military coup in 2016 Turkey
57%
5th poorest country in the world Yemen
57%
Australia's dumping ground for refugees Nauru
53%
Home to the Maiden Tower Azerbaijan
40%
No matching quizzes found
Score Distribution
Percent of People with Each Score
Percentile by Number Answered
Your Score History
You have not taken this quiz